| 000 | 00690nam a2200217Ia 4500 | ||
|---|---|---|---|
| 003 | GCL | ||
| 008 | 140319s9999 xx 000 0 ara d | ||
| 040 |
_aGCL / _cGCL |
||
| 082 | 0 | 4 |
_a745.5 _bم ا |
| 100 | 1 | _aمحيى الدين طالو | |
| 245 | 1 | 0 |
_aالاعمال اليدوية : _bفنون وهوايات مختلفة / _cمحيى الدين طالو |
| 260 |
_aسوريا : _bمكتبة اطلس |
||
| 300 |
_a238 ص: _bايض ؛ _c22 سم |
||
| 650 | 0 | 4 | _aالفن |
| 650 | 0 | 4 | _aالفن الزخرفى |
| 650 | 0 | 4 | _aالخزف |
| 650 | 0 | 4 | _aالتصوير الفنى |
| 650 | 0 | 4 | _aالتصوير الضوئى |
| 650 | 0 | 4 | _aالاعمال اليدوية |
| 942 |
_2ddc _cBK |
||
| 999 |
_c37869 _d37869 |
||